<?xml version="1.0" encoding="UTF-8"?><?xml-stylesheet type="text/xsl" href="static/style.xsl"?><OAI-PMH xmlns="http://www.openarchives.org/OAI/2.0/" xmlns:xsi="http://www.w3.org/2001/XMLSchema-instance" xsi:schemaLocation="http://www.openarchives.org/OAI/2.0/ http://www.openarchives.org/OAI/2.0/OAI-PMH.xsd"><responseDate>2026-04-14T02:23:09Z</responseDate><request verb="GetRecord" identifier="oai:www.recercat.cat:2445/146283" metadataPrefix="marc">https://recercat.cat/oai/request</request><GetRecord><record><header><identifier>oai:recercat.cat:2445/146283</identifier><datestamp>2025-12-04T21:06:25Z</datestamp><setSpec>com_2072_1057</setSpec><setSpec>col_2072_478818</setSpec><setSpec>col_2072_478917</setSpec></header><metadata><record xmlns="http://www.loc.gov/MARC21/slim" xmlns:dcterms="http://purl.org/dc/terms/" xmlns:xsi="http://www.w3.org/2001/XMLSchema-instance" xmlns:doc="http://www.lyncode.com/xoai" xsi:schemaLocation="http://www.loc.gov/MARC21/slim http://www.loc.gov/standards/marcxml/schema/MARC21slim.xsd">
   <leader>00925njm 22002777a 4500</leader>
   <datafield ind2=" " ind1=" " tag="042">
      <subfield code="a">dc</subfield>
   </datafield>
   <datafield ind2=" " ind1=" " tag="720">
      <subfield code="a">Avenoza, Gemma</subfield>
      <subfield code="e">author</subfield>
   </datafield>
   <datafield ind2=" " ind1=" " tag="260">
      <subfield code="c">2019-12-09T11:18:17Z</subfield>
   </datafield>
   <datafield ind2=" " ind1=" " tag="260">
      <subfield code="c">2019-12-09T11:18:17Z</subfield>
   </datafield>
   <datafield ind2=" " ind1=" " tag="260">
      <subfield code="c">1994</subfield>
   </datafield>
   <datafield ind2=" " ind1=" " tag="260">
      <subfield code="c">2019-12-09T11:18:17Z</subfield>
   </datafield>
   <datafield ind2=" " ind1=" " tag="520">
      <subfield code="a">[CAT] La irrupció de la informàtica a les humanitats representa la incorporació d'un element auxiliar magnífic. L'adopció dels nous mètodes permet agilitar el treball. Les bases de dades han substituït els fitxers manuals; els processadors de textos eliminen la feixuga tasca de copiar i recopiar infinites vegades els originals en net. L'esperit de la recerca, però, segueix essent el mateix: contrastar unes dades amb unes altres i reflexionar sobre el resultat de les comparacions. La irrupció de les eines informàtiques ha fet la feina més còmoda, però una mala previsió a l'hora de planejar una base de dades, per exemple, pot provocar que la informació no es pugui recuperar de manera eficient. Cal pensar molt i molt bé quins materials interessa aplegar i quina serà la forma més còmoda, més econòmica i més efectiva de sistematitzar-los. Les grans cases de software proporcionen productes que cal elaborar, per adaptar-los a les nostres recerques filològiques, i d'això en saben molt persones com Ch. Faulhaber.</subfield>
   </datafield>
   <datafield tag="653" ind2=" " ind1=" ">
      <subfield code="a">Bibliografia</subfield>
   </datafield>
   <datafield tag="653" ind2=" " ind1=" ">
      <subfield code="a">Automatització</subfield>
   </datafield>
   <datafield tag="653" ind2=" " ind1=" ">
      <subfield code="a">Bibliography</subfield>
   </datafield>
   <datafield tag="653" ind2=" " ind1=" ">
      <subfield code="a">Automation</subfield>
   </datafield>
   <datafield ind2="0" ind1="0" tag="245">
      <subfield code="a">La bibliografia dels antics textos catalans. Accés informàtics als materials</subfield>
   </datafield>
</record></metadata></record></GetRecord></OAI-PMH>